| 000 | 01303nam a2200349 a 4500 | ||
|---|---|---|---|
| 003 | AR-BaBNM | ||
| 005 | 20251128203238.0 | ||
| 008 | 082120s2002 ||||||||||||||000 | spa|| | ||
| 020 | _a956-201-139-8 | ||
| 040 | _cAR-BaBNM | ||
| 110 | 2 | _aGrupo de Investigación de Ecouen | |
| 245 | 0 | 0 |
_aFormar niños lectores de textos _bciclo II : 5 de 8 años de edad. Kinder 1ro y 2do año básico |
| 250 | _a1ª ed. | ||
| 260 |
_aSantiago de Chile _bHachette _c1992 |
||
| 300 |
_a214 p. _bdiagr., tablas |
||
| 490 | 0 | _aDidáctica | |
| 500 | _aEste libro fue escrito conjuntamente por un grupo de veinticinco profesores de enseñanza básica de diez escuelas de la circunscripción de ECOUEN en Francia, con la participación de varios supervisores y consejeros pedagógicos, bajo la responsabilidad de J | ||
| 650 | 4 | _aENSEÑANZA DE LA LECTURA | |
| 650 | 4 | _aINFLUENCIA FAMILIAR | |
| 650 | 4 | _aPROGRAMAS DE LECTURA | |
| 650 | 4 | _aHABITO DE LECTURA | |
| 651 | 4 | _aFrancia | |
| 653 | _aENSENANZA DE LA LENGUA | ||
| 653 | _aCOMPRENSION LECTORA | ||
| 653 | _aEDUCACION INICIAL | ||
| 653 | _aEDUCACION PRIMARIA | ||
| 700 | 1 |
_aJolibert, Josette _ecoordinador |
|
| 700 | 1 |
_aGaldamanes Franco, Viviana _eprologuista |
|
| 700 | 1 |
_aMedina Moreno, Alejandra _etraductor |
|
| 942 | _cBK | ||
| 998 | _cSILVI | ||
| 999 |
_c2557 _d2557 |
||